Normal view
MARC view
Entry Personal Name
001 - CONTROL NUMBER
- control field: 51946
003 - CONTROL NUMBER IDENTIFIER
- control field: OSt
005 - DATE AND TIME OF LATEST TRANSACTION
- control field: 20250329150921.0
008 - FIXED-LENGTH DATA ELEMENTS
- fixed length control field: 250329|| aca||aabn | a|a d
040 ## - CATALOGING SOURCE
- Original cataloging agency: OSt
- Transcribing agency: OSt
100 ## - HEADING--PERSONAL NAME
- Personal name: Khilmi, Erfina Fuadatul
670 ## - SOURCE DATA FOUND
- Source citation: Work cat.: (OSt)525792: Khilmi, Erfina Fuadatul, Immigration judicial reviews: An empirical study
